000 00504nam a2200169Ia 4500
999 _c36911
_d36911
003 OSt
005 20210123150445.0
008 190216s9999||||xx |||||||||||||| ||und||
040 _coclc
082 _a332.110954
_bPUB/B
100 _aPublishers
_93512
245 0 _aBank Probationary Officers Exam /
_cPublishers
260 _bCompetition Review Pvt Ltd,
_c2008.
_aNew Delhi:
300 _a544p
650 _aReferences
942 _cREF
_2ddc
_h332.110954
_iPUB/B
_k332.110954
_mPUB/B